000 00337nam a2200133Ia 4500
008 240624s9999 xx 000 0 und d
041 _aeng
082 _a332.63 NAN
100 _aNANDURY TEJASWY
245 _aMULTI BAGGERS HOW TO PROFIT FROM MEGA RE
260 _c2016
_aDelhi
_bVision Books
300 _a236 p.; 22 cm.
365 _cRS
999 _c28817
_d28817